Ty's travels (Record no. 385809)
[ view plain ]
| 000 -LEADER | |
|---|---|
| fixed length control field | 01594cam a2200409 i 4500 |
| 001 - CONTROL NUMBER | |
| control field | BK0030007926 |
| 005 - DATE AND TIME OF LATEST TRANSACTION | |
| control field | 20230706154951.0 |
| 008 - FIXED-LENGTH DATA ELEMENTS--GENERAL INFORMATION | |
| fixed length control field | 230426s2023 nyua b 6 000 0 eng d |
| 010 ## - LIBRARY OF CONGRESS CONTROL NUMBER | |
| LC control number | bl2023016250 |
| 020 ## - INTERNATIONAL STANDARD BOOK NUMBER | |
| International Standard Book Number | 9780063083660 |
| 037 ## - SOURCE OF ACQUISITION | |
| Source of stock number/acquisition | Harpercollins Childrens Books, Attn Elaine Nealon 53 Glenmaura National Blvd Ste 300, Moosaic, PA, USA, 18507-2132 |
| Note | SAN 200-2086 |
| 040 ## - CATALOGING SOURCE | |
| Original cataloging agency | NjBwBT |
| Language of cataloging | eng |
| Transcribing agency | NjBwBT |
| Description conventions | rda |
| Modifying agency | NjBwBT |
| -- | GCmBT |
| -- | NjBwBT |
| 050 14 - LIBRARY OF CONGRESS CALL NUMBER | |
| Classification number | PZ7.7.L97 |
| Item number | Ty 2023 |
| 082 04 - DEWEY DECIMAL CLASSIFICATION NUMBER | |
| Classification number | 741.5/973 |
| Edition number | 23/eng/20230426 |
| 092 ## - LOCALLY ASSIGNED DEWEY CALL NUMBER (OCLC) | |
| Classification number | children graphic |
| Item number | Lyons |
| 100 1# - MAIN ENTRY--PERSONAL NAME | |
| Personal name | Lyons, Kelly Starling, |
| Relator term | author. |
| 9 (RLIN) | 5811721 |
| 245 10 - TITLE STATEMENT | |
| Title | Ty's travels |
| Remainder of title | camp out / |
| Statement of responsibility, etc | by Kelly Starling Lyons ; pictures by Niña Mata. |
| 246 30 - VARYING FORM OF TITLE | |
| Title proper/short title | Camp out. |
| 250 ## - EDITION STATEMENT | |
| Edition statement | First edition. |
| 264 #1 - Production, Publication, Distribution, Manufacture, and Copyright Notice. | |
| Place of production, publication, distribution, manufacture | New York, NY : |
| Name of producer, publisher, distributor, manufacturer | HarperAlley, an imprint of HarperCollinsPublishers, |
| Date of production, publication, distribution, manufacture, or copyr | [2023] |
| 300 ## - PHYSICAL DESCRIPTION | |
| Extent | 32 pages : |
| Other physical details | color illustrations ; |
| Dimensions | 24 cm. |
| 336 ## - Content Type | |
| Content type term | text |
| 336 ## - Content Type | |
| Content type term | still image |
| 337 ## - Media type | |
| Media type term | unmediated |
| 338 ## - Carrier type | |
| Carrier type term | volume |
| 490 1# - SERIES STATEMENT | |
| Series statement | I can read! Comics. Level 1. |
| 500 ## - GENERAL NOTE | |
| General note | Chiefly illustrations. |
| 520 ## - SUMMARY, ETC. | |
| Summary, etc | "When rain puts a damper on his family's camp-out plans, Ty uses his big imagination to make camping in so much fun"-- |
| 650 #1 - SUBJECT ADDED ENTRY--TOPICAL TERM | |
| Topical term or geographic name as entry element | Camping |
| Form subdivision | Fiction. |
| 9 (RLIN) | 5701673 |
| 650 #1 - SUBJECT ADDED ENTRY--TOPICAL TERM | |
| Topical term or geographic name as entry element | Families |
| Form subdivision | Fiction. |
| 9 (RLIN) | 5674501 |
| 650 #1 - SUBJECT ADDED ENTRY--TOPICAL TERM | |
| Topical term or geographic name as entry element | Imagination |
| Form subdivision | Fiction. |
| 9 (RLIN) | 5674599 |
| 650 #1 - SUBJECT ADDED ENTRY--TOPICAL TERM | |
| Topical term or geographic name as entry element | Graphic novels. |
| 655 #7 - INDEX TERM--GENRE/FORM | |
| Genre/form data or focus term | Graphic novels. |
| Source of term | lcgft. |
| 700 1# - ADDED ENTRY--PERSONAL NAME | |
| Personal name | Mata, Nina, |
| Dates associated with a name | 1981- |
| Relator term | artist. |
| 830 #0 - SERIES ADDED ENTRY--UNIFORM TITLE | |
| Uniform title | I can read comics! |
| 9 (RLIN) | 6425455 |
| 942 ## - ADDED ENTRY ELEMENTS (KOHA) | |
| Source of classification or shelving scheme | Dewey Decimal Classification |
| Koha item type | BOOK |
| Withdrawn status | Lost status | Source of classification or shelving scheme | Damaged status | Not for loan | Collection code | Home library | Current library | Shelving location | Date acquired | Source of acquisition | Total Checkouts | Total Renewals | Full call number | Barcode | Date last seen | Date checked out | Cost, replacement price | Price effective from | Koha item type |
|---|---|---|---|---|---|---|---|---|---|---|---|---|---|---|---|---|---|---|---|
| Dewey Decimal Classification | Children Graphic Novels | Wasatch County Library | Wasatch County Library | Main Floor Childrens Area | 07/06/2023 | Penworthy | 3 | 4 | E GN Lyons | 34301002032664 | 09/17/2025 | 03/03/2025 | 18.96 | 07/06/2023 | BOOK | ||||
| Dewey Decimal Classification | Children Graphic Novels | Wasatch County Library | Wasatch County Library | Main Floor Childrens Area | 07/20/2023 | Micromarketing | 5 | 2 | E GN Lyons | 34301002034561 | 02/18/2025 | 02/04/2025 | 17.99 | 07/20/2023 | BOOK |
